[Event "36th Zalakaros Festival 2017"]
[Site "Zalakaros"]
[Date "2017.05.23"]
[Round "6"]
[White "Sankalp Gupta"]
[Black "Karacsonyi, Gellert"]
[Result "1-0"]
[WhiteElo "2269"]
[BlackElo "2189"]
[Annotator "TA"]
[PlyCount "57"]
[EventDate "2017.??.??"]
[EventType "swiss"]
[EventCountry "HUN"]
[SourceTitle "playchess.com"]
[Source "ChessBase"]
[SourceQuality "1"]

{[%evp 9,57,-28,-11,-12,-12,-12,-14,-6,-10,-17,-10,-8,3,2,62,13,14,3,40,9,101,100,93,93,95,99,100,91,93,100,105,99,464,462,590,586,580,580,580,524,481,448,521,506,1393,1379,1264,1264,1502,1496]} 1. e4 c5 2. b3 Nc6 3. Bb2 d6 4. Bb5 Nf6 5. Qe2 (5. Bxc6+ bxc6 6. d3 g6 7. Ne2 Bg7 8. O-O O-O 9. h3 e5 10. Ng3 h5 11. Nd2 h4 12. Ne2 g5 {1-0 (41) Morozevich,A (2731)-Moiseenko,A (2707) Dubai 2014}) 5... Bd7 6. f4 {B20: Sicilian: Unusual White 2nd moves} a6 7. Bxc6 Bxc6 8. d3 {The position is equal.} e6 9. Nf3 Be7 10. Nbd2 Qc7 11. O-O d5 $146 (11... O-O $11) ({Predecessor:} 11... O-O-O 12. a3 Rhg8 13. b4 {1-0 (30) Murphy,H (2180)-Whitfield,C (2020) North Shields 2012}) 12. Ne5 O-O 13. Rae1 Rad8 14. f5 dxe4 (14... d4 $11 {remains equal.} 15. Nxc6 Qxc6) 15. Nxc6 $16 ({Of course not} 15. Nxe4 Bxe4 16. dxe4 exf5 $11) 15... Qxc6 16. Nxe4 exf5 {[#]} 17. Ng3 $1 $36 {[%cal Rg3f5][%mdl 2048] Keeping Black busy.} ({Reject} 17. Rxf5 Nxe4 18. Qxe4 Qxe4 $11) 17... Rfe8 18. Nxf5 Bf8 {[#]} 19. Qf2 $1 Rxe1 20. Qxe1 {Hoping for Nh6+!} Nh5 $2 {[%mdl 8192]} (20... Re8 $16 {is tougher.} 21. Qf2 Ng4) 21. Qh4 $18 {White is clearly winning.} Nf6 {[#]} 22. Nh6+ $1 {[%mdl 512]} gxh6 23. Bxf6 {White wants to mate with Qg4+.} Rd5 24. Qg4+ Rg5 25. Bxg5 {Bf6+ would kill now.} hxg5 26. Qxg5+ Bg7 (26... Qg6 $142 27. Qd8 Qe6 28. Qg5+ Qg6) 27. Qd8+ Bf8 28. Rf6 Qb5 29. Rf3 {Precision: White = 67%, Black = 26%.} 1-0

[Event "36th Zalakaros Festival 2017"]
[Site "Zalakaros"]
[Date "2017.05.23"]
[Round "6"]
[White "Terbe, Julianna"]
[Black "Papp, Petra"]
[Result "1/2-1/2"]
[WhiteElo "2258"]
[BlackElo "2371"]
[Annotator "TA"]
[PlyCount "28"]
[EventDate "2017.??.??"]
[EventType "swiss"]
[EventCountry "HUN"]
[SourceTitle "playchess.com"]
[Source "ChessBase"]
[SourceQuality "1"]

{[%evp 18,28,68,58,60,73,56,50,49,57,48,12,63]} 1. Nf3 c5 2. e4 Nc6 3. Bb5 Na5 4. c3 a6 5. Ba4 b5 6. Bc2 d5 {B30: Sicilian: 2...Nc6 3 Bb5, lines without ...g6} (6... e6 7. O-O Nf6 8. d4 cxd4 9. cxd4 Bb7 10. d5 Rc8 11. Nc3 b4 12. Ne2 exd5 13. e5 Ne4 14. Nf4 {1-0 (46) Safarli,E (2660)-Akopian,V (2691) Khanty-Mansiysk 2013}) 7. d4 dxe4 8. Bxe4 Bb7 9. Bxb7 Nxb7 10. O-O {LiveBook: 3 Games} Nf6 11. a4 e6 12. axb5 axb5 13. Rxa8 Qxa8 14. Na3 Qa6 $146 ({Black should play} 14... c4 $11) 1/2-1/2

[Event "36th Zalakaros Festival 2017"]
[Site "Zalakaros"]
[Date "2017.05.23"]
[Round "6"]
[White "Varga, Klara"]
[Black "Tompa, Janos"]
[Result "1-0"]
[WhiteElo "2240"]
[BlackElo "2392"]
[Annotator "TA"]
[PlyCount "61"]
[EventDate "2017.??.??"]
[EventType "swiss"]
[EventCountry "HUN"]
[SourceTitle "playchess.com"]
[Source "ChessBase"]
[SourceQuality "1"]

{[%evp 9,61,5,18,22,20,10,55,48,52,58,43,55,45,55,47,57,43,-12,57,61,52,55,54,18,43,33,34,40,58,0,0,-6,-6,-16,-11,-13,31,35,206,206,216,218,454,452,435,368,359,317,1008,1002,985,984,968,933]} 1. c4 e5 2. g3 c6 3. Bg2 d5 4. cxd5 cxd5 5. d4 exd4 6. Nf3 {A20: English Opening: 1...e5} Bb4+ 7. Bd2 (7. Nbd2 Nc6 8. a3 Ba5 9. b4 Bb6 10. Bb2 Nf6 11. Nb3 O-O 12. Nbxd4 Nxd4 13. Bxd4 Re8 {1-0 (44) Donchenko,A (2588)-Hambleton,A (2446) Vandoeuvre 2015}) 7... Be7 $146 ({Predecessor:} 7... Bc5 8. O-O Nc6 9. b4 Bb6 10. b5 Na5 11. Bb4 Qf6 12. Nbd2 Ne7 13. Nb3 Nxb3 14. Qxb3 {0-1 (47) Pechenkin,V (2314)-Hambleton,A (2446) Edmonton 2015}) 8. Nxd4 {White is slightly better.} Nc6 9. Qa4 Nf6 10. Nc3 O-O 11. O-O Qb6 12. Be3 Bc5 {[%cal Rc6d4]} 13. Rad1 ({White should try} 13. Nxc6 $14 bxc6 14. Bxc5 Qxc5 15. Rac1) 13... Be6 (13... Nxd4 $11 14. Bxd4 Bd7 15. Bxc5 Bxa4 16. Bxb6 Bxd1) 14. Nxe6 $14 fxe6 15. Bxc5 Qxc5 16. Nb5 {Strongly threatening Nc7.} Rf7 17. Rc1 Qb6 18. e3 Ne5 19. Nd4 ({White should play} 19. Qd4 $14) 19... Nd3 $11 20. Rb1 e5 21. Qa3 Nxf2 22. Nf5 $1 N2g4 23. h3 $36 {[%mdl 2048] Black is under pressure.} g6 $2 {[#]} (23... Nh6 $14) 24. Ne7+ $18 Rxe7 25. Qxe7 Qxe3+ $2 (25... Re8 26. Qa3 (26. Bxd5+ Kh8 $18) 26... Nxe3 27. Rxf6 Qxf6) 26. Kh1 Re8 27. Bxd5+ Kh8 28. Qf7 Qxg3 $2 (28... Qh6 29. Bg2 (29. Rxf6 Qxh3+ 30. Kg1 Qh2+ 31. Kf1 Ne3+ 32. Ke1 Nc2+ 33. Kf1 Ne3+ 34. Ke1 Nc2+ 35. Kf1 Ne3+ $11) 29... Rf8) 29. hxg4 {[%cal Rf7f6] [#] White is clearly winning.} Qh3+ 30. Kg1 {[%cal Rf7f6]} Qxg4+ 31. Bg2 {Precision: White = 54%, Black = 44%.} 1-0

[Event "36th Zalakaros Festival 2017"]
[Site "Zalakaros"]
[Date "2017.05.23"]
[Round "6"]
[White "Havanecz, Bianka"]
[Black "Chovan, Milan"]
[Result "1-0"]
[WhiteElo "2210"]
[BlackElo "2288"]
[Annotator "TA"]
[PlyCount "101"]
[EventDate "2017.??.??"]
[EventType "swiss"]
[EventCountry "HUN"]
[SourceTitle "playchess.com"]
[Source "ChessBase"]
[SourceQuality "1"]

{[%evp 23,101,53,38,44,40,53,73,52,68,18,17,9,27,36,45,53,45,50,51,36,43,34,35,39,34,38,50,-11,37,26,44,-31,0,-275,-276,-508,-147,-131,-54,-407,0,0,0,0,0,0,8,11,129,133,111,108,91,97,610,612,611,600,643,635,643,639,635,633,612,603,687,675,745,741,904,903,1101,1102,1070,1054,29959,29961,29988,29984]} 1. d4 Nf6 2. c4 g6 3. Nf3 Bg7 4. g3 O-O 5. Bg2 d6 6. O-O Nc6 7. Nc3 a6 8. Bf4 Rb8 {E63: King's Indian: Fianchetto: Panno Variation with 7...a6} 9. Rc1 b5 (9... Bd7 10. Qd2 b5 11. Nd5 bxc4 12. Nxf6+ Bxf6 13. Rxc4 e5 14. dxe5 Nxe5 15. Nxe5 dxe5 {1-0 (47) Svidler,P (2727)-Jones,G (2623) Berlin 2015}) 10. Nd5 bxc4 11. Nxf6+ exf6 12. Rxc4 Ne7 {LiveBook: 3 Games} 13. b3 Nd5 14. Bd2 f5 15. Qc1 $146 ({Predecessor:} 15. Qc2 Bd7 16. Ne1 {½-½ (44) Romm,M (2446)-Yamaliev,V (2477) ICCF email 2013}) 15... Re8 16. Re1 Bb7 17. Ba5 {[%cal Ra5c7]} Re7 18. e3 Nb6 19. Rc3 Be4 20. Nd2 Bxg2 21. Kxg2 f4 22. gxf4 (22. exf4 $5 {[%cal Re1e7]} Bxd4 23. Rd3 Rxe1 24. Qxe1 $11) 22... Nd5 $1 23. Rc4 Rb5 24. b4 Qd7 25. h3 (25. Qd1 $14) 25... Bh6 26. Nf3 Re4 {[%cal Re4f4]} 27. Ng1 (27. Rxc7 $14 Nxc7 28. Qxc7 Qxc7 29. Bxc7) 27... Qe6 28. Kf1 $2 {[%mdl 8192] [#]} (28. Nf3 $11) 28... Nxf4 $1 $19 {[%mdl 512]} 29. Rxc7 $2 (29. d5 {was the only chance.} Nxd5 30. Rxe4 Qxe4 31. a4) (29. exf4 Rxe1+) 29... Nd3 $2 (29... Nxh3 $19 {is more deadly.} 30. Qc4 d5 31. Rc8+ Kg7) 30. Rc8+ Bf8 (30... Kg7 $1 $17 31. Qc3 Nxe1 32. d5+ Qe5 33. Qxe5+ dxe5 34. Kxe1 Rxd5) 31. Qc7 $2 {[%mdl 8192]} (31. Qc4 $1 $15 Qxc4 32. Rxc4) 31... Nxe1 $2 (31... Rf5 $19 {[%csl Gd3][%cal Rf5f2]} 32. Re2 Qf6 33. Rxf8+ Kxf8 34. Qd8+ Qxd8 35. Bxd8 Rxe3 $1 {[%mdl 512]}) 32. Qd8 $40 {[%csl Gc8][%cal Rd8f8][%mdl 128] White attacks.} Qe7 33. Qxe7 Rxe7 34. Kxe1 Rbb7 (34... Reb7 $5 {[%cal Rb5a5]}) 35. Ne2 Red7 {[#]} (35... f5 $11 {remains equal.}) 36. Nf4 $1 $16 {[%mdl 1024] White has strong compensation.} Kg7 37. Nd5 Rb5 38. Nc7 Rh5 $2 {[%mdl 8192]} (38... Rf5 $16) 39. Ne8+ $18 Kh6 40. Nf6 $1 {[%csl LRd7,LRf8,LRh5]} Rxa5 41. Nxd7 Rxa2 42. Rxf8 {[%mdl 4096] Endgame KRN-KR} Kg7 43. Ra8 Ra4 44. Ke2 Rxb4 45. Rxa6 Rb5 46. Rxd6 Rh5 47. Ne5 f6 48. Rd7+ Kf8 49. Ng4 Rxh3 50. Nxf6 h5 51. e4 {Precision: White = 57%, Black = 26%.} 1-0

[Event "36th Zalakaros Festival 2017"]
[Site "Zalakaros"]
[Date "2017.05.23"]
[Round "6"]
[White "Szente Varga, Fruzsina"]
[Black "Czupor, Attila"]
[Result "1-0"]
[WhiteElo "2190"]
[BlackElo "2230"]
[Annotator "TA"]
[PlyCount "71"]
[EventDate "2017.??.??"]
[EventType "swiss"]
[EventCountry "HUN"]
[SourceTitle "playchess.com"]
[Source "ChessBase"]
[SourceQuality "1"]

{[%evp 14,71,22,28,31,18,33,20,24,28,22,25,39,45,37,40,47,38,44,21,77,62,98,118,186,182,150,127,163,116,459,427,808,776,763,733,1036,1021,2145,1283,1264,1254,1257,1259,1163,1011,970,960,1411,1264,29992,29993,29993,29994,29995,29996,29996,29997,29997,29998]} 1. e4 e5 2. Nf3 Nc6 3. Bb5 Nge7 4. O-O a6 5. Ba4 g6 6. c3 {[%cal Bc2c3,Bc3d4,Bd4d5][%mdl 32]} Bg7 7. d4 exd4 8. cxd4 O-O {C60: Ruy Lopez: Unusual Black 3rd moves and 3...g6} 9. d5 b5 10. Bc2 Na5 {The position is equal.} 11. Nc3 (11. Nbd2 d6 12. Rb1 c6 13. b4 Nb7 14. dxc6 Nxc6 15. Bb2 Bxb2 16. Rxb2 {0-1 (45) Bok,B (2598)-Grischuk,A (2737) Doha 2016}) 11... d6 12. Re1 c5 13. dxc6 Nexc6 14. Bg5 $146 {[%mdl 2048] White has some pressure.} Bf6 15. Bxf6 Qxf6 16. Rb1 Be6 (16... Ne5 $11 {remains equal.}) 17. Qxd6 $16 Rfd8 {[#]} 18. Qg3 $1 Nb4 (18... Nd4 $16) 19. e5 $18 Qe7 20. Be4 Rac8 21. Ng5 Kg7 $2 {[%mdl 8192]} (21... Nc4 $16 {is more resistant.} 22. b3 (22. Qh4 h5 $16) 22... Nd2) 22. f4 f6 (22... Rg8 $142 23. Rbd1 Kh8) 23. exf6+ Qxf6 {[#]} 24. Bxg6 $1 {[%mdl 512]} hxg6 (24... Qxg6 25. Rxe6) 25. Nxe6+ Kf7 26. Nxd8+ Rxd8 27. Ne4 Qd4+ 28. Kh1 Nd3 29. Ng5+ Kg8 30. Rf1 Re8 31. f5 {aiming for f6.} Re2 32. Qb8+ {White mates.} Kg7 33. Qc7+ Kh6 34. Qh7+ Kxg5 35. Qxg6+ Kh4 36. g3+ {Precision: White = 84%, Black = 23%.} 1-0

[Event "36th Zalakaros Festival 2017"]
[Site "Zalakaros"]
[Date "2017.05.24"]
[Round "7"]
[White "Rapport, Richard"]
[Black "Horvath, Jozsef"]
[Result "1-0"]
[WhiteElo "2698"]
[BlackElo "2526"]
[Annotator "TA"]
[PlyCount "61"]
[EventDate "2017.??.??"]
[EventType "swiss"]
[EventCountry "HUN"]
[SourceTitle "playchess.com"]
[Source "ChessBase"]
[SourceQuality "1"]

{[%evp 10,61,-5,-5,0,0,26,22,22,0,0,0,0,0,0,0,0,0,0,0,11,5,5,4,8,0,0,0,10,0,0,0,0,-6,92,-10,-14,0,314,314,320,313,314,312,411,402,410,422,490,483,445,475,455,436]} 1. Nc3 d5 2. d4 Nf6 3. Bf4 e6 4. e3 Bd6 (4... Bb4 5. Nge2 O-O 6. a3 Bd6 7. Ng3 c5 8. dxc5 Bxc5 9. Bd3 Nc6 10. O-O Bd6 11. Bg5 h6 12. Bxf6 Qxf6 {0-1 (74) Navara,D (2734)-Wojtaszek,R (2734) Berlin 2015}) 5. Nf3 O-O 6. Bd3 {LiveBook: 15 Games. D00: 1 d4 d5: Unusual lines} Nc6 7. Bg5 b6 $146 ({Predecessor:} 7... Be7 8. O-O Nb4 9. a3 Nxd3 {0-1 (9) Murphy,J (913)-Sagi,R (304) LSS email 2006}) 8. a3 {White has an edge.} Bb7 9. Qe2 Be7 10. h4 Na5 11. e4 dxe4 12. Nxe4 Nxe4 13. Bxe7 Qxe7 14. Bxe4 c5 15. Bxb7 Qxb7 16. dxc5 bxc5 17. b3 {[%cal Bb2b3,Bb3b4,Bb4b5][%mdl 32]} Rad8 18. O-O Rd5 19. Qe4 h6 20. b4 Nc6 {[%cal Rc5b4]} 21. c4 Rf5 {[#]} (21... Rd7 $11) 22. g4 (22. b5 $1 $16 {[%cal Rb5c6]} Na5 23. Qxb7 Nxb7 24. Rfd1) 22... Rf6 $11 23. Ne5 $36 {[%mdl 2048] White is more active.} ({Reject} 23. bxc5 Qc7 $17) 23... Rc8 $2 {[%mdl 8192] [#]} (23... Qc7 $1 $11 24. Nxc6 Rf4) 24. b5 $1 $18 {[%cal Rb5c6]} ({Inferior is} 24. bxc5 Qc7 $17) 24... Na5 25. Qxb7 Nxb7 26. f4 Rd8 27. Nc6 Rd7 28. g5 hxg5 {White is clearly winning.} 29. hxg5 Rf5 30. Rad1 Rc7 31. a4 {Precision: White = 73%, Black = 41%.} 1-0

[Event "36th Zalakaros Festival 2017"]
[Site "Zalakaros"]
[Date "2017.05.24"]
[Round "7"]
[White "Markus, Robert"]
[Black "Kollars, Dmitrij"]
[Result "1/2-1/2"]
[WhiteElo "2673"]
[BlackElo "2503"]
[Annotator "TA"]
[PlyCount "141"]
[EventDate "2017.??.??"]
[EventType "swiss"]
[EventCountry "HUN"]
[SourceTitle "playchess.com"]
[Source "ChessBase"]
[SourceQuality "1"]

{[%evp 15,141,21,20,7,4,6,10,8,10,5,8,0,11,8,4,0,9,13,7,11,68,79,79,79,71,70,76,42,52,48,42,43,58,15,49,0,0,0,0,0,0,0,0,0,0,0,0,0,0,0,0,-68,-77,-81,-79,-114,-111,-151,-132,-5414,0,0,0,0,0,0,0,-67,-67,-67,-67,-67,-67,-67,-67,-67,-67,-67,-39,-40,-40,-40,-40,-58,-40,-40,-40,-40,-41,-41,-41,-56,-56,-63,-32,-107,-127,-115,-91,-95,-89,-123,-100,-194,-194,-198,-220,-288,-9,-9,-9,-9,-9,-9,0,-10,0,0,0,-8,-8,-8,-8,-8,-8,-8,-8,-8]} 1. d4 d5 2. c4 c6 3. Nf3 Nf6 4. e3 e6 5. b3 c5 6. Bb2 {D30: Queen's Gambit Declined: Systems without Nc3} cxd4 7. exd4 Nc6 8. Nbd2 Be7 {LiveBook: 31 Games} 9. g3 O-O 10. Bg2 b6 $146 ({Predecessor:} 10... a5 11. O-O a4 12. Bc3 Bb4 13. Bxb4 Nxb4 {½-½ (95) Eljanov,P (2697)-Zherebukh,Y (2590) Khanty-Mansiysk 2011}) 11. O-O Bb7 12. Qe2 Rc8 13. Rfd1 Re8 14. Rac1 Bf8 15. Nf1 g6 16. Ne3 Bg7 17. Ne5 Ne7 (17... Re7 $11) 18. b4 $14 Nd7 19. b5 Nxe5 20. dxe5 Rc7 21. cxd5 Rxc1 22. Rxc1 {Strongly threatening d6.} Nxd5 23. Nc4 Bf8 24. Qf3 Qd7 25. Ba3 Qxb5 26. Nd6 Bxd6 $1 27. exd6 Rc8 28. Qd1 $1 Rxc1 29. Qxc1 f6 30. h4 Kg7 31. Qd2 Qc6 32. g4 {aiming for g5.} Qa4 $1 {[%cal Ra4a3]} 33. Bc1 (33. Bb2 $11) 33... Bc6 $1 $15 ({Don't take} 33... Qxg4 $2 34. d7 $18) 34. Bf3 Qb4 $1 35. Qh6+ Kg8 36. h5 g5 ({And not} 36... Qxd6 37. hxg6 Qd7 38. g5 $11) 37. Bxg5 $2 {[%mdl 8192]} (37. d7 $17 Bxd7 38. Bxd5 Qxg4+ 39. Kh2 Qh4+ 40. Kg1 Qg4+ 41. Kh2 exd5 42. Qxf6) 37... Qe1+ $2 (37... Nf4 $1 $19 38. Bxf4 Bxf3) 38. Kg2 $11 fxg5 39. Qxg5+ Kf7 {Hoping for ...Qb4.} 40. h6 Qc3 41. Qh5+ (41. Bxd5 $1 $11 Bxd5+ 42. Kh2) 41... Kf8 $15 {( -> ...Nf4+)} 42. Qg5 Qf6 $1 {[%cal Rf6g5]} 43. Qxf6+ Nxf6 44. Bxc6 Nxg4 {[%mdl 4096] Endgame KB-KN} 45. Be4 Nxh6 46. Bxh7 Nf7 47. f4 Nxd6 48. Kf3 Ke7 49. Bd3 Nb7 50. Ke3 Nc5 51. Be2 Kd6 52. Kd4 Nd7 53. Bg4 Nf6 54. Bf3 b5 55. a3 (55. Be2 $15) 55... Nd5 $17 56. f5 e5+ $1 57. Kd3 Nf6 58. Bd1 a5 {[%cal Ba7a5,Ba5a4][%mdl 32]} 59. Bb3 {[#]} (59. Be2 $17) 59... Kc5 $1 $19 60. Be6 {[#]} a4 $1 61. Bf7 b4 $2 ({Black should play} 61... Kc6 $19 {White must now prevent ...Kc5.} 62. Ba2 Kd6) 62. axb4+ $11 {The position is equal.} Kxb4 63. Be6 Kc5 64. Bf7 Kb4 65. Be6 Ka3 66. Kc3 e4 67. Bc4 Ng4 68. Bb5 Ne3 69. Bxa4 Kxa4 70. Kd4 Nxf5+ 71. Kxe4 {Precision: White = 61%, Black = 63%.} 1/2-1/2

[Event "36th Zalakaros Festival 2017"]
[Site "Zalakaros"]
[Date "2017.05.24"]
[Round "7"]
[White "Efimenko, Zahar"]
[Black "Gazik, Viktor"]
[Result "1-0"]
[WhiteElo "2648"]
[BlackElo "2449"]
[Annotator "TA"]
[PlyCount "47"]
[EventDate "2017.??.??"]
[EventType "swiss"]
[EventCountry "HUN"]
[SourceTitle "playchess.com"]
[Source "ChessBase"]
[SourceQuality "1"]

{[%evp 13,47,27,44,20,50,38,56,67,72,70,80,72,70,77,100,99,129,113,144,155,133,132,160,134,154,156,362,360,387,392,349,329,329,321,460,445]} 1. e4 c5 2. Nf3 d6 3. Bb5+ Nd7 4. O-O a6 5. Bd3 Ngf6 6. Re1 {B51: Sicilian: Moscow Variation (3 Bb5+) without 3...Bd7} e5 (6... e6 7. c3 b5 8. Bc2 c4 9. a4 Bb7 10. d4 cxd3 11. Bxd3 bxa4 12. Qxa4 Be7 13. h3 O-O 14. Be3 Qc7 15. Nbd2 Rfb8 16. Qa5 Bd8 17. Qxc7 Bxc7 18. b4 {½-½ (18) Nakamura,H (2785)-Vachier Lagrave,M (2796) Sharjah 2017}) 7. a4 b6 {LiveBook: 3 Games} 8. c3 {[%cal Bc2c3,Bc3c4][%mdl 32] White is slightly better.} Qc7 9. Bc2 g6 $146 ({Predecessor:} 9... c4 10. b3 cxb3 11. Bxb3 Nc5 12. d3 Bg4 {½-½ (41) Demosthenous,A (1983)-Zhu,C (2418) Baku 2016}) 10. d4 Bg7 11. dxe5 dxe5 12. c4 O-O 13. Nc3 Bb7 {[#]} 14. a5 $1 {[%mdl 512]} Rad8 (14... bxa5 15. Nd5) 15. Bd2 {[%cal Bc1d2,Bd2a5,Ba5b6][%mdl 32]} Bc6 16. Nd5 Nxd5 17. exd5 Bb7 18. axb6 Nxb6 19. Ba5 Rfe8 $2 (19... Rb8 $16 {was worth a try.} 20. Rb1 Ba8) 20. Ba4 $18 Re7 21. Qb3 Rd6 {[#]} 22. Bc6 $1 {[%mdl 512]} Bxc6 23. Qxb6 ({Not} 23. Bxb6 Qb7 $16) 23... Qxb6 (23... Qd7 $142 24. Qxc5 Bxd5 25. cxd5 Rxd5) 24. Bxb6 {Precision: White = 92%, Black = 27%.} 1-0

[Event "36th Zalakaros Festival 2017"]
[Site "Zalakaros"]
[Date "2017.05.24"]
[Round "7"]
[White "Nabaty, Tamir"]
[Black "Shyam, Sundar M"]
[Result "1-0"]
[WhiteElo "2640"]
[BlackElo "2535"]
[Annotator "TA"]
[PlyCount "99"]
[EventDate "2017.??.??"]
[EventType "swiss"]
[EventCountry "HUN"]
[SourceTitle "playchess.com"]
[Source "ChessBase"]
[SourceQuality "1"]

{[%evp 19,99,13,50,50,72,60,141,31,139,112,114,121,137,131,130,133,161,151,154,160,170,90,140,138,139,139,137,139,139,139,139,139,138,133,234,236,293,271,296,299,283,291,481,467,457,461,642,644,614,630,591,589,589,568,794,819,879,879,872,828,1081,909,1579,1577,1510,1718,1667,1677,1589,1174,1318,0,1434,1438,1131,1072,12847,12844,12845,12845,29988,12844]} 1. d4 Nf6 2. c4 e6 3. Nc3 Bb4 4. Qc2 d5 5. a3 Bxc3+ 6. Qxc3 c5 {E36: Nimzo-Indian: Classical: 4...d5 5 a3} (6... Ne4 7. Qc2 c5 8. dxc5 Nc6 9. Nf3 Qa5+ 10. Bd2 Qxc5 11. e3 Nxd2 12. Nxd2 dxc4 13. Bxc4 O-O 14. b4 Qe7 15. Bd3 h6 16. Qc3 a6 17. O-O Bd7 {½-½ (26) Giri,A (2784)-Adams,M (2737) London 2015}) 7. dxc5 d4 8. Qg3 Nc6 9. Qxg7 Rg8 10. Qh6 Rg6 {LiveBook: 3 Games} 11. Qd2 e5 12. b4 {[%cal Bb2b4,Bb4b5][%mdl 32]} Bf5 (12... Ne4 $14 13. Qb2 Be6) 13. e3 $146 (13. Qb2 $1 $16) ({Predecessor:} 13. Bb2 Ne4 14. Qd1 {0-1 (43) Coates,D (2085)-Lyell,M (2194) Brighton 2012}) 13... Qc7 (13... Ne4 $14 14. Qb2 Qf6) 14. Qb2 $1 $16 O-O-O 15. Nf3 {Black must now prevent Nh4.} Be6 16. b5 Na5 17. b6 ({Of course not} 17. exd4 $6 exd4 18. b6 Qxc5 $11) 17... Qxc5 18. bxa7 Qxa7 19. Nxe5 {aiming for exd4.} Rgg8 20. exd4 (20. Rb1 $18) 20... Rxd4 21. Be2 Re4 {[#]} 22. O-O $1 {Hoping for Bf3.} Qc5 23. Nd3 Qf5 24. f3 Rxe2 25. Qxe2 {Ne5 is the strong threat.} Bxc4 26. Rd1 {And now Qe3 would win.} Rd8 {[#]} (26... Nb3 $16 {was called for.}) 27. g4 $1 $18 {[%cal Rg4f5]} Qd5 {[%cal Rc4d3]} 28. Bb2 Bxd3 29. Rac1+ Nc6 30. Qe3 Ng8 $2 (30... Ne4 {keeps fighting.} 31. fxe4 Qxe4) 31. Rc3 Qb5 32. Rcxd3 Rxd3 33. Rxd3 ({Not} 33. Qxd3 Qxb2 34. Qxh7 Nge7 $18) 33... Qxb2 34. Qe8+ Kc7 {Strongly threatening ...Qb1+.} 35. Rd7+ Kb6 36. Qxg8 Qxa3 {intending ...Ne5.} 37. Qxf7 {[%mdl 4096] Endgame KQR-KQN} Qe3+ 38. Kg2 Qe2+ 39. Kh3 Qf1+ 40. Kh4 Qe1+ 41. Kh5 Qe5+ 42. Kh6 ({Weaker is} 42. Qf5 Qxh2+ 43. Kg5 h6+ 44. Kf6 Qb2+ 45. Kg6 Ne5+ 46. Kh7 (46. Kxh6 Nxd7 47. Qxd7 Qf6+ 48. Kh7 Qxf3 $16) 46... Nxd7 $18) 42... Qxh2+ 43. Kg7 Na5 44. Qf6+ Nc6 45. Qf7 Na5 $1 46. Qe6+ Ka7 47. Qe3+ Kb8 48. Rd8+ Kc7 49. Qe7+ Kc6 50. Qd7+ {Precision: White = 70%, Black = 40%.} (50. Qe6+ $142 Kb5 51. Rd5+ Ka4 52. Qe4+ Kb3 53. Rb5+ Kc3 54. Qe3+ Kc2 55. Rc5+ Nc4 56. Rxc4+ Kb1 57. Qd3+ Ka2 58. Ra4+ Kb2 59. Rb4+ Ka2 60. Qb3+ Ka1 61. Qb1#) 1-0

[Event "36th Zalakaros Festival 2017"]
[Site "Zalakaros"]
[Date "2017.05.24"]
[Round "7"]
[White "Gupta, Abhijeet"]
[Black "Svane, Rasmus"]
[Result "1/2-1/2"]
[WhiteElo "2626"]
[BlackElo "2573"]
[Annotator "TA"]
[PlyCount "90"]
[EventDate "2017.??.??"]
[EventType "swiss"]
[EventCountry "HUN"]
[SourceTitle "playchess.com"]
[Source "ChessBase"]
[SourceQuality "1"]

{[%evp 11,90,0,0,-2,-13,-15,5,-9,-10,-17,-12,-59,-51,-73,-70,-63,-77,-100,-102,-258,-283,-269,-247,-276,-255,-264,-289,-284,-270,-284,-250,-335,-178,-162,-71,-80,-78,-82,-80,-191,-204,-237,-71,-69,0,-243,-241,-244,-227,-214,-214,-214,-93,-84,0,0,0,0,0,0,0,-66,-8,-8,-10,-20,-11,-66,-68,-178,-54,-47,0,0,0,0,0,0,0,0,0]} 1. c4 e6 2. g3 d5 3. Bg2 Nf6 4. Nf3 dxc4 5. O-O Nbd7 {[%cal Bb8d7,Bd7b6,Bb6d5,Bd5b4][%mdl 32]} 6. Qc2 Nb6 {LiveBook: 15 Games. A13: English Opening: 1...e6} (6... c5 7. Na3 Nd5 8. Nxc4 b5 9. Ne3 Bb7 10. Nxd5 Bxd5 11. e4 Bb7 12. d4 cxd4 13. Nxd4 Rc8 14. Qe2 {1-0 (58) Aronian,L (2774)-Naiditsch,A (2702) Karlsruhe 2017}) 7. b3 cxb3 $1 8. axb3 Be7 9. Bb2 Nbd5 $146 ({Predecessor:} 9... c5 10. Nc3 O-O 11. Rfd1 Nbd5 12. d4 cxd4 13. Nxd4 Bd7 14. e4 Nxc3 15. Qxc3 {0-1 (26) Thorfinnsson,B (2404)-Perez Ponsa,F (2583) chess.com INT 2017}) 10. Na3 O-O 11. Nc4 b6 12. Nce5 Nb4 13. Qc4 Bb7 14. Ng4 c5 15. Nh6+ $2 (15. Rfd1 $17 {keeps fighting.}) 15... gxh6 $19 16. Qf4 Kg7 17. Ne5 {Threatens to win with Ng4.} Bxg2 $1 18. Ng4 Nbd5 19. Qxh6+ Kh8 20. Kxg2 Rg8 21. Qh4 Rxg4 (21... Rg7 $142 22. e4 Nxe4 23. Bxg7+ Kxg7) 22. Qxg4 Qg8 (22... Nb4 $19 23. Qf4 Kg8 24. Qg5+ Kf8 25. Qh6+ Kg8 26. Qg5+ Kf8 27. Qh6+ Kg8 28. Qg5+) 23. Qf3 $17 {And now e4 would win.} Qg6 $1 24. Ra6 Kg8 {aiming for ...Ne4.} 25. Rfa1 (25. d3 $17) 25... Ne4 $1 $19 {[%cal Re4d2]} 26. Bc3 Ng5 $2 (26... Bf6 $19 27. Bxf6 Nxd2 28. Rxa7 Rxa7 29. Rxa7 Qxf6) 27. Qd3 $17 Ne4 $2 (27... Rd8 $15 28. Qxg6+ hxg6) 28. Qf3 $19 Rd8 29. Rxa7 Ng5 30. Qg4 h5 31. Qh4 {[#]} Nf3 $1 {[%mdl 512]} 32. Qc4 $17 (32. exf3 Bxh4) 32... b5 ({Black should play} 32... Nd4 $17 33. Bxd4 cxd4) 33. Qxb5 $11 Nd4 34. Bxd4 $1 Qe4+ 35. f3 Qxd4 36. Ra8 (36. R1a2 $11) 36... Kg7 (36... Qxd2 $15 37. Qd3 Qxd3 38. exd3 Rxa8 39. Rxa8+ Kg7) 37. Rxd8 Bxd8 38. Ra2 $1 Nb4 39. Ra7 (39. Ra8 $11 Qxd2 40. Rc8) 39... Qxd2 $15 40. Qc4 {[#]} (40. Rd7 $15 Nd5 41. Qd3 Qxd3 42. exd3) 40... Nd5 ({Black should try} 40... Nc6 $1 $19 {[%cal Rc6a7]} 41. Ra8 Bf6) 41. Qe4 Ne3+ 42. Kf2 {Strongly threatening Qxe6.The position is equal.} Nd1+ 43. Kf1 $1 Ne3+ 44. Kf2 {Black must now prevent Qxe6.} Nd1+ 45. Kf1 $1 Ne3+ {Precision: White = 39%, Black = 45%.} 1/2-1/2